<?xml version="1.0" encoding="UTF-8"?>
<record
    xmlns:xsi="http://www.w3.org/2001/XMLSchema-instance"
    xsi:schemaLocation="http://www.loc.gov/MARC21/slim http://www.loc.gov/standards/marcxml/schema/MARC21slim.xsd"
    xmlns="http://www.loc.gov/MARC21/slim">

  <leader>02803nam a22002897a 4500</leader>
  <controlfield tag="001">1599</controlfield>
  <controlfield tag="003">FISKH</controlfield>
  <controlfield tag="005">20250527161911.0</controlfield>
  <controlfield tag="008">230908b        cb ||||| |||| 00| 0 khr d</controlfield>
  <datafield tag="020" ind1=" " ind2=" ">
    <subfield code="a">9789995054311</subfield>
  </datafield>
  <datafield tag="040" ind1=" " ind2=" ">
    <subfield code="a">FISKH </subfield>
    <subfield code="b">eng</subfield>
    <subfield code="c">FISKH </subfield>
    <subfield code="d">FISKH </subfield>
  </datafield>
  <datafield tag="082" ind1=" " ind2=" ">
    <subfield code="a">808.83</subfield>
  </datafield>
  <datafield tag="100" ind1=" " ind2=" ">
    <subfield code="a">Lindgren, Astrid </subfield>
  </datafield>
  <datafield tag="245" ind1=" " ind2=" ">
    <subfield code="a">&#x1796;&#x17B8;&#x1796;&#x17B8;&#x179F;&#x17D2;&#x179A;&#x17C4;&#x1798;&#x1787;&#x17BE;&#x1784;&#x179C;&#x17C2;&#x1784; / </subfield>
  </datafield>
  <datafield tag="250" ind1=" " ind2=" ">
    <subfield code="a">&#x1794;&#x17C4;&#x17C7;&#x1796;&#x17BB;&#x1798;&#x17D2;&#x1796;&#x179B;&#x17BE;&#x1780;&#x1791;&#x17B8; &#x17E5; &#x1781;&#x17C2;&#x1780;&#x17BB;&#x1798;&#x17D2;&#x1797;&#x17C8; &#x1786;&#x17D2;&#x1793;&#x17B6;&#x17C6;&#x200B;&#x17E2;&#x17E0;&#x17E2;&#x17E1; </subfield>
  </datafield>
  <datafield tag="260" ind1=" " ind2=" ">
    <subfield code="a">Lidingoe : </subfield>
    <subfield code="b">Sipar, </subfield>
    <subfield code="c">2021. </subfield>
  </datafield>
  <datafield tag="300" ind1=" " ind2=" ">
    <subfield code="a">152 pages : </subfield>
    <subfield code="b">illustrations ; </subfield>
    <subfield code="c">20 cm </subfield>
  </datafield>
  <datafield tag="490" ind1=" " ind2=" ">
    <subfield code="a">&#x17A2;&#x1780;&#x17D2;&#x179F;&#x179F;&#x17B7;&#x179B;&#x17D2;&#x1794;&#x17CD;&#x1799;&#x17BB;&#x179C;&#x179C;&#x17D0;&#x1799; </subfield>
  </datafield>
  <datafield tag="505" ind1=" " ind2=" ">
    <subfield code="a">Z' 
</subfield>
  </datafield>
  <datafield tag="520" ind1=" " ind2=" ">
    <subfield code="a">&#x178A;&#x17C4;&#x1799;&#x1793;&#x17B6;&#x1784;&#x1798;&#x17B6;&#x1793;&#x1780;&#x17D2;&#x179A;&#x179F;&#x17C2;&#x1797;&#x17D2;&#x1793;&#x17C2;&#x1780;&#x179A;&#x17A0;&#x17D0;&#x179F;&#x179A;&#x17A0;&#x17BD;&#x1793; &#x1793;&#x17B7;&#x1784;&#x1798;&#x17B6;&#x1793;&#x179F;&#x1780;&#x17CB;&#x1780;&#x17D2;&#x179A;&#x1784;&#x1785;&#x1784;&#x1791;&#x17B8;&#x1791;&#x17BB;&#x1799; &#x1782;&#x17C1;&#x17A2;&#x17B6;&#x1785;&#x1782;&#x17B7;&#x178F;&#x1790;&#x17B6;&#x200B; &#xAB;&#x1796;&#x17B8;&#x1796;&#x17B8;&#x179F;&#x17D2;&#x179A;&#x17C4;&#x1798;&#x1787;&#x17BE;&#x1784;&#x179C;&#x17C2;&#x1784;&#xBB; &#x1787;&#x17B6;&#x1780;&#x17D2;&#x1798;&#x17C1;&#x1784;&#x179F;&#x17D2;&#x179A;&#x17B8;&#x1798;&#x17D2;&#x1793;&#x17B6;&#x1780;&#x17CB;&#x178A;&#x17BC;&#x1785;&#x1780;&#x17D2;&#x1798;&#x17C1;&#x1784;&#x179F;&#x17D2;&#x179A;&#x17B8;&#x178A;&#x17CF;&#x1791;&#x17C3;&#x178A;&#x17C2;&#x179A;&#x17D4; &#x1794;&#x17C9;&#x17BB;&#x1793;&#x17D2;&#x178F;&#x17C2;&#x1793;&#x17B6;&#x1784;&#x1787;&#x17B6;&#x1780;&#x17D2;&#x1798;&#x17C1;&#x1784;&#x179F;&#x17D2;&#x179A;&#x17B8;&#x1785;&#x1798;&#x17D2;&#x179B;&#x17C2;&#x1780;&#x178E;&#x17B6;&#x179F;&#x17CB;! &#x1793;&#x17B6;&#x1784;&#x179A;&#x179F;&#x17CB;&#x178F;&#x17C2;&#x1798;&#x17D2;&#x1793;&#x17B6;&#x1780;&#x17CB;&#x17AF;&#x1784; &#x1787;&#x17B6;&#x1798;&#x17BD;&#x1799;&#x179F;&#x17C1;&#x17C7;&#x1798;&#x17BD;&#x1799;&#x1780;&#x17D2;&#x1794;&#x17B6;&#x179B; &#x1793;&#x17B7;&#x1784;&#x179F;&#x17D2;&#x179C;&#x17B6;&#x1798;&#x17BD;&#x1799;&#x1780;&#x17D2;&#x1794;&#x17B6;&#x179B;&#x1793;&#x17C5;&#x1780;&#x17D2;&#x1793;&#x17BB;&#x1784;&#x1795;&#x17D2;&#x1791;&#x17C7;&#x178A;&#x17CF;&#x1792;&#x17C6;&#x1798;&#x17BD;&#x1799;&#x17D4; &#x1793;&#x17B6;&#x1784;&#x1798;&#x17B6;&#x1793;&#x1780;&#x1798;&#x17D2;&#x179B;&#x17B6;&#x17C6;&#x1784;&#x1781;&#x17D2;&#x179B;&#x17B6;&#x17C6;&#x1784;&#x17A2;&#x179F;&#x17D2;&#x1785;&#x17B6;&#x179A;&#x17D2;&#x1799;&#x17D4; &#x1793;&#x17B6;&#x1784;&#x1798;&#x17B7;&#x1793;&#x1791;&#x17C5;&#x179F;&#x17B6;&#x179B;&#x17B6;&#x179A;&#x17C0;&#x1793;&#x1791;&#x17C1; &#x17A0;&#x17BE;&#x1799;&#x1798;&#x17BD;&#x1799;&#x1790;&#x17D2;&#x1784;&#x17C3;&#x17D7; &#x1793;&#x17B6;&#x1784;&#x1782;&#x17B7;&#x178F;&#x178F;&#x17C2;&#x179A;&#x1780;&#x1793;&#x17B9;&#x1780;&#x179B;&#x17D2;&#x1794;&#x17C2;&#x1784;&#x179B;&#x17C1;&#x1784;&#x1785;&#x1798;&#x17D2;&#x179B;&#x17C2;&#x1780;&#x17D7;&#x17D4; &#x17A0;&#x17BE;&#x1799;&#x1793;&#x17B6;&#x1784;&#x1798;&#x17B6;&#x1793;&#x1794;&#x17C1;&#x17C7;&#x178A;&#x17BC;&#x1784;&#x1798;&#x17B6;&#x179F; &#x1793;&#x17B7;&#x1784;&#x1798;&#x17B6;&#x1793;&#x179F;&#x178E;&#x17D2;&#x178A;&#x17B6;&#x1793;&#x1785;&#x17B7;&#x178F;&#x17D2;&#x178F;&#x179B;&#x17D2;&#x17A2;&#x1787;&#x17B6;&#x1798;&#x17BD;&#x1799;&#x1798;&#x1793;&#x17BB;&#x179F;&#x17D2;&#x179F;&#x1782;&#x17D2;&#x179A;&#x1794;&#x17CB;&#x179A;&#x17BC;&#x1794; &#x1787;&#x17B6;&#x1796;&#x17B7;&#x179F;&#x17C1;&#x179F;&#x1787;&#x17B6;&#x1798;&#x17BD;&#x1799;&#x1798;&#x17B7;&#x178F;&#x17D2;&#x178F;&#x1780;&#x17D2;&#x1798;&#x17C1;&#x1784;&#x17D7;&#x1787;&#x17B6;&#x17A2;&#x17D2;&#x1793;&#x1780;&#x1787;&#x17B7;&#x178F;&#x1781;&#x17B6;&#x1784;&#x1793;&#x17B6;&#x1784; &#x1782;&#x17BA;&#x1790;&#x1798;&#x1798;&#x17B8; &#x1793;&#x17B7;&#x1784; &#x17A2;&#x17B6;&#x1793;&#x17B8;&#x1780;&#x17B6;&#x17D4; &#x17A0;&#x17C1;&#x178F;&#x17BB;&#x1793;&#x17C1;&#x17C7;&#x17A0;&#x17BE;&#x1799; &#x1782;&#x17D2;&#x179A;&#x1794;&#x17CB;&#x1782;&#x17D2;&#x1793;&#x17B6;&#x179F;&#x17D2;&#x179A;&#x179B;&#x17B6;&#x1789;&#x17CB;&#x1793;&#x17B6;&#x1784;&#x1799;&#x17C9;&#x17B6;&#x1784;&#x1781;&#x17D2;&#x179B;&#x17B6;&#x17C6;&#x1784;&#x17D4; </subfield>
  </datafield>
  <datafield tag="520" ind1=" " ind2=" ">
    <subfield code="a">With her quick eyes and curly hair tied in an owl, she can be thought of as a "girl with long socks" just like any other girl. But she is a very strange girl! She lives alone with a horse and a monkey in a large house.&#x200B;&#x200B;&#x200B; She is amazingly strong. She does not go to school and every day she thinks of strange games. And she has a golden heart and is kind to everyone, especially with her young neighbors Tommy and Anika. That is why everyone loves her so much.</subfield>
  </datafield>
  <datafield tag="521" ind1="8" ind2=" ">
    <subfield code="a">920 

</subfield>
    <subfield code="b">Lexile estimate 
</subfield>
  </datafield>
  <datafield tag="521" ind1="8" ind2=" ">
    <subfield code="a">Z'
</subfield>
    <subfield code="b">Raz-Plus 
</subfield>
  </datafield>
  <datafield tag="650" ind1=" " ind2=" ">
    <subfield code="a">&#x1785;&#x1798;&#x17D2;&#x179B;&#x17C2;&#x1780;   </subfield>
    <subfield code="v">&#x1785;&#x17B7;&#x178F;&#x17D2;&#x178F;&#x179B;&#x17D2;&#x17A2;</subfield>
    <subfield code="x">&#x1794;&#x17C1;&#x17C7;&#x178A;&#x17BC;&#x1784;&#x1798;&#x17B6;&#x179F;</subfield>
    <subfield code="y">&#x1781;&#x17D2;&#x179B;&#x17B6;&#x17C6;&#x1784; </subfield>
  </datafield>
  <datafield tag="650" ind1=" " ind2=" ">
    <subfield code="a">Strange  </subfield>
    <subfield code="v">Kind </subfield>
    <subfield code="x">Golden heart </subfield>
    <subfield code="y">Strong </subfield>
  </datafield>
  <datafield tag="942" ind1=" " ind2=" ">
    <subfield code="2">ddc</subfield>
    <subfield code="c">BK</subfield>
    <subfield code="n">0</subfield>
  </datafield>
  <datafield tag="999" ind1=" " ind2=" ">
    <subfield code="c">1599</subfield>
    <subfield code="d">1599</subfield>
  </datafield>
  <datafield tag="952" ind1=" " ind2=" ">
    <subfield code="0">0</subfield>
    <subfield code="1">0</subfield>
    <subfield code="2">ddc</subfield>
    <subfield code="4">0</subfield>
    <subfield code="7">0</subfield>
    <subfield code="8">KH</subfield>
    <subfield code="a">001</subfield>
    <subfield code="b">001</subfield>
    <subfield code="c">KHRS</subfield>
    <subfield code="d">2023-09-08</subfield>
    <subfield code="l">0</subfield>
    <subfield code="o">LIN 808.83</subfield>
    <subfield code="p">2023-0546</subfield>
    <subfield code="r">2023-09-08 15:57:46</subfield>
    <subfield code="t">1</subfield>
    <subfield code="w">2023-09-08</subfield>
    <subfield code="y">BK</subfield>
  </datafield>
  <datafield tag="952" ind1=" " ind2=" ">
    <subfield code="0">0</subfield>
    <subfield code="1">0</subfield>
    <subfield code="2">ddc</subfield>
    <subfield code="4">0</subfield>
    <subfield code="7">0</subfield>
    <subfield code="8">KH</subfield>
    <subfield code="a">001</subfield>
    <subfield code="b">001</subfield>
    <subfield code="c">KHRS</subfield>
    <subfield code="d">2023-09-08</subfield>
    <subfield code="l">0</subfield>
    <subfield code="o">LIN 808.83</subfield>
    <subfield code="p">2023-0547</subfield>
    <subfield code="r">2023-09-08 15:57:57</subfield>
    <subfield code="t">2</subfield>
    <subfield code="w">2023-09-08</subfield>
    <subfield code="y">BK</subfield>
  </datafield>
  <datafield tag="952" ind1=" " ind2=" ">
    <subfield code="0">0</subfield>
    <subfield code="1">0</subfield>
    <subfield code="2">ddc</subfield>
    <subfield code="4">0</subfield>
    <subfield code="7">0</subfield>
    <subfield code="8">KH</subfield>
    <subfield code="a">001</subfield>
    <subfield code="b">001</subfield>
    <subfield code="c">KHRS</subfield>
    <subfield code="d">2023-09-08</subfield>
    <subfield code="l">0</subfield>
    <subfield code="o">LIN 808.83</subfield>
    <subfield code="p">FISTK03693</subfield>
    <subfield code="r">2023-10-10 08:36:42</subfield>
    <subfield code="t">3</subfield>
    <subfield code="w">2023-09-08</subfield>
    <subfield code="y">BK</subfield>
  </datafield>
  <datafield tag="952" ind1=" " ind2=" ">
    <subfield code="0">0</subfield>
    <subfield code="1">0</subfield>
    <subfield code="2">ddc</subfield>
    <subfield code="4">0</subfield>
    <subfield code="7">0</subfield>
    <subfield code="8">KH</subfield>
    <subfield code="a">001</subfield>
    <subfield code="b">001</subfield>
    <subfield code="c">OKHR</subfield>
    <subfield code="d">2024-03-26</subfield>
    <subfield code="l">0</subfield>
    <subfield code="o">LIN 808.83</subfield>
    <subfield code="p">FISTK03692</subfield>
    <subfield code="r">2024-03-26 14:09:38</subfield>
    <subfield code="t">4</subfield>
    <subfield code="w">2024-03-26</subfield>
    <subfield code="y">BK</subfield>
  </datafield>
  <datafield tag="952" ind1=" " ind2=" ">
    <subfield code="0">0</subfield>
    <subfield code="1">0</subfield>
    <subfield code="2">ddc</subfield>
    <subfield code="4">0</subfield>
    <subfield code="7">0</subfield>
    <subfield code="8">KH</subfield>
    <subfield code="a">002</subfield>
    <subfield code="b">002</subfield>
    <subfield code="c">TTP Khmer</subfield>
    <subfield code="d">2024-03-26</subfield>
    <subfield code="l">2</subfield>
    <subfield code="o">LIN 808.83</subfield>
    <subfield code="p">FIS00277</subfield>
    <subfield code="q">2026-04-15</subfield>
    <subfield code="r">2026-04-01 08:02:45</subfield>
    <subfield code="s">2026-04-01</subfield>
    <subfield code="t">5</subfield>
    <subfield code="w">2024-03-26</subfield>
    <subfield code="y">BK</subfield>
  </datafield>
  <datafield tag="952" ind1=" " ind2=" ">
    <subfield code="0">0</subfield>
    <subfield code="1">0</subfield>
    <subfield code="2">ddc</subfield>
    <subfield code="4">0</subfield>
    <subfield code="7">0</subfield>
    <subfield code="8">KH</subfield>
    <subfield code="a">002</subfield>
    <subfield code="b">002</subfield>
    <subfield code="c">SKB</subfield>
    <subfield code="d">2025-03-27</subfield>
    <subfield code="l">2</subfield>
    <subfield code="o">LIN 808.83</subfield>
    <subfield code="p">FISSE00217</subfield>
    <subfield code="r">2026-02-02 10:10:12</subfield>
    <subfield code="s">2026-01-05</subfield>
    <subfield code="t">6</subfield>
    <subfield code="w">2025-03-27</subfield>
    <subfield code="y">BK</subfield>
  </datafield>
</record>
